Don't put yourself at risk (Record no. 117426)

MARC details
000 -LEADER
fixed length control field 01508cam a2200241 4500
001 - CONTROL NUMBER
control field ABS67859
008 - FIXED-LENGTH DATA ELEMENTS--GENERAL INFORMATION
fixed length control field 040601n2004 000 0 eng u
035 ## - SYSTEM CONTROL NUMBER
System control number (Sirsi) u126341
100 ## - MAIN ENTRY--PERSONAL NAME
Personal name Taylor, S.
245 ## - TITLE STATEMENT
Title Don't put yourself at risk
260 ## - PUBLICATION, DISTRIBUTION, ETC.
Date of publication, distribution, etc. 2004
490 ## - SERIES STATEMENT
Series statement Estates Gazette
Volume/sequential designation (0420) 15 May 2004, 164(1)
520 ## - SUMMARY, ETC.
Summary, etc. Considers the fundamental shift in the way property managers/managing agents will be required to handle their insurance arrangements when the insurance broking industry becomes regulated by the Financial Services Authority (FSA) from January 2005. Lists those regulated activities normally carried out by most property managers that will then require FSA approval. Summarises the options open to the property manager: full regulation by FSA with application by letter submitted by 13 July 2004; become an appointed representative of an insurance broker who is applying for full regulation or an introducer-appointed representative. Concludes that most property managers will apply for full FSA regulation with its added value of sole right to trade in regulated activities, although the cost of application may make handling of insurance no longer financially viable for some smaller management concerns.
590 ## - LOCAL NOTE (RLIN)
Local note ABS
590 ## - LOCAL NOTE (RLIN)
Local note ABS
650 ## - SUBJECT ADDED ENTRY--TOPICAL TERM
Topical term or geographic name entry element INSURANCE BROKERS
650 ## - SUBJECT ADDED ENTRY--TOPICAL TERM
Topical term or geographic name entry element PROPERTY MANAGERS
650 ## - SUBJECT ADDED ENTRY--TOPICAL TERM
Topical term or geographic name entry element FINANCIAL SERVICES AUTHORITY
650 ## - SUBJECT ADDED ENTRY--TOPICAL TERM
Topical term or geographic name entry element Insurance
9 (RLIN) 6249
650 ## - SUBJECT ADDED ENTRY--TOPICAL TERM
Topical term or geographic name entry element MANAGING AGENTS
690 ## - LOCAL SUBJECT ADDED ENTRY--TOPICAL TERM (OCLC, RLIN)
Topical term or geographic name as entry element PROFESSIONAL PRACTICE
942 ## - ADDED ENTRY ELEMENTS (KOHA)
Suppress in OPAC 0
Holdings
Withdrawn status Lost status Source of classification or shelving scheme Damaged status Not for loan Home library Current library Shelving location Date acquired Total Checkouts Full call number Barcode Date last seen Copy number Price effective from Koha item type
    Dewey Decimal Classification     London London Journal article 01/06/2004   ABS67859 126341-1001 06/08/2019 1 06/08/2019 Journal article